Monte Carlo simulation studies of diffusion coefficients and mobilities for ionic swarm drifting in atomic and molecular gases /
Saved in:
| Main Author: | |
|---|---|
| Format: | Thesis Book |
| Language: | English |
| Published: |
1996.
|
| Subjects: | |
| Tags: |
Add Tag
No Tags, Be the first to tag this record!
|
| LEADER | 00800cam a2200229 a 4500 | ||
|---|---|---|---|
| 001 | u414940 | ||
| 003 | SIRSI | ||
| 008 | 970819s1996 si v 00 1 eng m | ||
| 035 | |a ACD-7215 | ||
| 040 | |a UMM | ||
| 090 | |a QC174.85 |b M64Li | ||
| 100 | 1 | 0 | |a Li, Minmei. |
| 245 | 1 | 0 | |a Monte Carlo simulation studies of diffusion coefficients and mobilities for ionic swarm drifting in atomic and molecular gases / |c by Li Minmei. |
| 260 | |c 1996. | ||
| 300 | |a viii, 98 leaves : |b ill. ; |c 31 cm. | ||
| 502 | |a Dissertation (M.Sc.) -- National University of Singapore, 1996. | ||
| 504 | |a Bibliography: leaves 95-97. | ||
| 650 | 0 | |a Monte Carlo method. | |
| 650 | 0 | |a Electron transport. | |
| 948 | |a 19/08/1997 |b 25/11/2000 | ||
| 596 | |a 1 | ||
| 999 | |a QC174.85 M64LI |w LC |c 1 |i A506949315 |l STACKS |m P01UTAMA |r Y |s Y |t TESIS |u 24/10/1997 | ||
